000 00739nam a2200277Ia 4500
001 9516
005 20240113234212.0
007 ta
008 050726s1994 a g b000 u asm u
040 _aCotton College,Assam
041 _aasm
082 _a891.41408
_bGo 558 Sa
100 _aGogoi, Lila .
245 0 _aSanskritik Adhayan /
_cLila Gogoi.
_hTextual Documents
250 _a1st ed. /
260 _aGuwahati :
_bBanalata ,
_c1994.
300 _a224p. :
_bill. ;
_c22cm .
504 _aBib.
653 _aAssamese Literature-Collections
653 _aAssamese Essays-Collections
653 _aAssamese Culture-Essays
653 _aMS-Assamese
942 _2ddc
_cBK
999 _c9503
_d9503